000 01014cab a2200289 4500
001 WB3040-07
008 090401t1994 xxu||||| |||| 00| 0 eng d
035 _a(Sirsi) u75581
041 _aeng
245 _aPerformance bonds
260 _c1994
350 _a0
490 _aEstates Times
_v(1254) 21 October 1994, 10(1)
520 _aDiscusses the problems of wording in performance bonds with reference to two recent CA decisions, "Trafalgar House Construction (Regions) v General Surety and Guarantee" (Abs51220) and "Perar BV v General Surety and Guarantee" (1994)
650 _aBUILT ENVIRONMENT-BUILDING CONTRACT FORMS
650 _aCONDITIONAL BONDS
650 _aCONTRACTORS
650 _aInsolvency
_96247
650 _aON-DEMAND BONDS
650 _aPERAR BV V GENERAL SURETY & GUARANTEE
650 _aPERFORMANCE BONDS
650 _aSURETIES
650 _aTRAFALGAR HOUSE CONSTRUCTION (REGIONS) V GENERAL SURETY
690 _aBUILT ENVIRONMENT
942 _n0
948 _c04/03/1997
999 _c47550
_d47550